| 000 | 00801 a2200169 4500 | ||
|---|---|---|---|
| 003 | Nust | ||
| 005 | 20230306112954.0 | ||
| 040 | _cNust | ||
| 082 | _a338.6, ROB | ||
| 100 |
_aRobinson, E.A.G. _9109821 |
||
| 245 |
_aThe structure of competitive industry _cE.A.G. Robinson |
||
| 260 |
_aLondon _bCambridge _c1945 |
||
| 300 | _a180 p. | ||
| 505 | _aIntroductory (Page-1), The Optimum Firm (Page-14), The Optimum Managerial Unit (Page-36), The Optimum Financial Unit (Page-54), The Optimum Marketing Unit (Page-64), The Influence Of Risks And Fluctuations (Page-83), The Reconciliation Of Differing Optima (Page-107), The Problem Of Growth (Page-120), The Optimum Industry (Page-134), The Location Of Production (Page-145), Rationalization (Page-169). | ||
| 650 |
_aIndustry _9109822 |
||
| 942 |
_2ddc _cBK |
||
| 999 |
_c184553 _d184553 |
||